000 00674cam a2200217 4500500
005 20260405002810.0
041 _afre
042 _adc
100 1 0 _aMorel, François
_eauthor
245 0 0 _a“Celui qui excelle à résoudre les difficultés le fait avant qu’elles ne surviennent”
260 _c2018.
500 _a43
690 _aCheveu
690 _aCoiffure
690 _aFrançois Morel
690 _aHumour
690 _aSun-tzu
690 _aSunzi
786 0 _nPhilosophie magazine | 123 | 10 | 2018-10-01 | p. 66-66 | 1951-1787
856 4 1 _uhttps://shs.cairn.info/magazine-philosophie-magazine-2018-10-page-66?lang=fr&redirect-ssocas=7080
999 _c2061237
_d2061237